• 首页
  • 本馆介绍
  • 公告通知
  • 最新文献
  • 馆藏检索
  • 电子资源
  • 读者导购
  • 参考咨询
  • 我的图书馆
  • 登录
  • 详细信息显示
  • 放入我的书架
  • 预约/预借图书
  • 作者相关作品
  • 分类相关作品
  • 丛书相关作品
  • 出版社相关作品

书目信息

  • 表格格式
  • 工作单格式
  • 卡片格式
题名:
管理运筹学
    
 
作者: 卜心怡 主编
分册:  
出版信息: 北京   电子工业出版社  2017
页数: 210页
开本: 27cm
丛书名:
单 册:
中图分类: C931.1
科图分类:
主题词: 管理学--guan li xue--运筹学--高等学校--教材
电子资源:
ISBN: 978-7-121-30439-2
000 00936nam0 22002531 450
001 0109172505
005 20170309172505.0
010    @a978-7-121-30439-2@dCNY35.00
100    @a20170215d2017 em y0chiy50 ea
101 0  @achi
102    @aCN@b110000
105    @ay z 000yy
106    @ar
200 1  @a管理运筹学@9guan li yun chou xue@dOperations research for management@f卜心怡主编@zeng
210    @a北京@c电子工业出版社@d2017
215    @a210页@d27cm
300    @a普通高等教育“十三五”规划教材 华信经管创新系列·管理学
330    @a本书以运筹学中最基本、最常用、最能反映其思想精髓的核心内容为重点,包括线性规划、运输问题、整数规划、图与网络分析、网络计划、库存论和决策分析。
510 1  @aOperations research for management@zeng
606 0  @a管理学@9guan li xue@x运筹学@x高等学校@j教材
690    @aC931.1@v5
701  0 @a卜心怡@9bo xin yi@4主编
801  0 @aCN@bTANGWEI@c20170308
905    @b0954048-51@dC931.1@e559@f4
    
    管理运筹学=Operations research for management/卜心怡主编.-北京:电子工业出版社,2017
    210页;27cm
    普通高等教育“十三五”规划教材 华信经管创新系列·管理学
    
    ISBN 978-7-121-30439-2:CNY35.00
    本书以运筹学中最基本、最常用、最能反映其思想精髓的核心内容为重点,包括线性规划、运输问题、整数规划、图与网络分析、网络计划、库存论和决策分析。
●
相关链接 在E读中查询图书 在五车中查询图书 在当当中查询图书 在豆瓣中查询图书


正题名:管理运筹学     索取号:C931.1/559         预约/预借

序号 登录号 条形码 馆藏地/架位号 状态 备注
1 0954048   209540488   第一样本阅览室/ [索取号:C931.1/559] 在馆    
2 0954049   209540497   第一借阅区/ [索取号:C931.1/559] 在馆    
3 0954050   209540503   第一借阅区/ [索取号:C931.1/559] 在馆    
4 0954051   209540512   第一借阅区/ [索取号:C931.1/559] 在馆    
唐山师范学院图书馆 欢迎您!
大连网信软件有限公司© 版权所有